00458nam a2200193 a 4500001001300000003000900013005001700022008004100039020000800080082001400088100001900102245001600121260003600137300001000173500003500183505001100218650001600229700001900245nice12345678IN_TiNIC20260116015408.0141117s2013 kola grp 000 0 eng  ac000a232bGEO1 aGeorge, Samuel aChristology aKolkata, India bSCEPTRE c2013 a119p  aincludes index and biblioraphy2 abiblio aChristology1 aGeorge, Samuel